Medzinárodné rámce a akčné plány v oblasti protidrogovej politiky v kontexte zvyšovania ochrany a sociálnej súdržnosti

Boj proti drogám je všeobecný problém, ktorý si vyžaduje riešenie v nadnárodných súvislostiach. Globálna protidrogová politika OSN. Charakteristika európskeho prístupu k protidrogovej problematike. Európske monitorovacie centrum pre drogy a drogovú závislost.

Salvato in:
Dettagli Bibliografici
Autore principale: Dudová, Iveta
Natura: Capitolo di libro
Lingua:slovacco
Soggetti:
Tags: Aggiungi Tag
Nessun Tag, puoi essere il primo ad aggiungerne!!

MARC

LEADER 00000nla$a2200000$$$4500
001 0119894
005 20240502072335.2
041 0 |a slo 
044 |a SK 
245 1 0 |a Medzinárodné rámce a akčné plány v oblasti protidrogovej politiky v kontexte zvyšovania ochrany a sociálnej súdržnosti  |c Iveta Dudová 
520 |a Boj proti drogám je všeobecný problém, ktorý si vyžaduje riešenie v nadnárodných súvislostiach. Globálna protidrogová politika OSN. Charakteristika európskeho prístupu k protidrogovej problematike. Európske monitorovacie centrum pre drogy a drogovú závislost. 
610 2 0 |a drogy 
610 2 0 |a prevencia 
610 2 0 |a organizácie 
610 2 0 |a USA 
610 2 0 |a Európa 
100 1 |a Dudová, Iveta